Pana- management
A living Corporate Philosophy ; Everyone Is Responsible for Management ; Departmental Management...
Tallennettuna:
| Päätekijä: | |
|---|---|
| Aineistotyyppi: | Kirja |
| Kieli: | Undetermined |
| Julkaistu: |
Tokyo
Php Institute
1991
|
| Aiheet: | |
| Tagit: |
Lisää tagi
Ei tageja, Lisää ensimmäinen tagi!
|
| Thư viện lưu trữ: | Trung tâm Học liệu Trường Đại học Cần Thơ |
|---|
| LEADER | 00600nam a2200193Ia 4500 | ||
|---|---|---|---|
| 001 | CTU_106898 | ||
| 008 | 210402s9999 xx 000 0 und d | ||
| 082 | |a 658 | ||
| 082 | |b O.34 | ||
| 100 | |a Ogawa, Morimasa | ||
| 245 | 0 | |a Pana- management | |
| 245 | 0 | |c Morimasa Ogawa | |
| 260 | |a Tokyo | ||
| 260 | |b Php Institute | ||
| 260 | |c 1991 | ||
| 520 | |a A living Corporate Philosophy ; Everyone Is Responsible for Management ; Departmental Management... | ||
| 650 | |a Industry management,Quản lý công nghiệp | ||
| 904 | |i M.Loan | ||
| 980 | |a Trung tâm Học liệu Trường Đại học Cần Thơ | ||